000 00298nam a2200121Ia 4500
008 190216s9999||||xx |||||||||||||| ||und||
100 _aVasudevan & Ghosh
245 0 _aBusiness Administration And Management
260 _bNew Heights
_c1979
300 _a500p
650 _aCommerce
942 _cBK
999 _c4196
_d4196